| 000 | 00776cab a2200241 4500 | ||
|---|---|---|---|
| 001 | WB3318-24 | ||
| 008 | 090401t1997 xxu||||| |||| 00| 0 eng d | ||
| 035 | _a(Sirsi) u78196 | ||
| 041 | _aeng | ||
| 245 | _aMixed-use properties | ||
| 260 | _c1997 | ||
| 350 | _a0 | ||
| 490 |
_aIndependent on Sunday _v4 May 1997, 9(1) |
||
| 520 | _aThe live/work combination of housing is now increasing in popularity as planning authorities allow developers to redevelop industrial property into a combination of residential and commercial use. | ||
| 650 | _aCONVERSION | ||
| 650 | _aINDUSTRIAL BUILDINGS | ||
| 650 | _aLIVE/WORK USE | ||
| 650 | _aMIXED-USE DEVELOPMENTS | ||
| 650 | _aREDUNDANT BUILDINGS | ||
| 690 | _aHOUSING-DEVELOPMENT | ||
| 942 | _n0 | ||
| 948 | _c07/05/1997 | ||
| 999 |
_c49214 _d49214 |
||